000 00573cam a2200181 a 4500
020 _a9780195476941 (hbk.)
082 0 4 _a297.211
100 1 _aRaschid, M. S.
245 1 0 _aIqbal's concept of God /
_cby Raschid.
260 _aOxford :
_bOxford University Press,
_c2010.
300 _axxvii, 122 p. ;
_c23 cm.
504 _aIncludes bibliographical references and index.
650 0 _aGod (Islam)
_95590
942 _2ddc
_cBK
999 _c586254
_d586254